MARC details
| 000 -CABECERA |
| campo de control de longitud fija |
01663nam a22002537a 4500 |
| 008 - DATOS DE LONGITUD FIJA--INFORMACIÓN GENERAL |
| campo de control de longitud fija |
251120b |||||||| |||| 00| 0 eng d |
| 020 ## - NÚMERO INTERNACIONAL ESTÁNDAR DEL LIBRO |
| Número Internacional Estándar del Libro |
9781804945322 |
| 040 ## - FUENTE DE LA CATALOGACIÓN |
| Centro/agencia transcriptor |
tbs |
| 041 ## - CÓDIGO DE LENGUA |
| Código de lengua del texto/banda sonora o título independiente |
eng |
| 050 ## - SIGNATURA TOPOGRÁFICA DE LA BIBLIOTECA DEL CONGRESO |
| Número de clasificación |
PS3618.E533 |
| Número de documento/Ítem |
L33 2024 |
| 100 ## - ENTRADA PRINCIPAL--NOMBRE DE PERSONA |
| Nombre de persona |
Reid, Ava |
| 9 (RLIN) |
26559 |
| Término indicativo de función/relación |
author |
| 245 ## - MENCIÓN DE TÍTULO |
| Título |
Lady Macbeth : |
| Mención de responsabilidad, etc. |
/ Ava Reid. |
| 260 ## - PUBLICACIÓN, DISTRIBUCIÓN, ETC. |
| Lugar de publicación, distribución, etc. |
Dublin, |
| Nombre del editor, distribuidor, etc. |
Penguin Books, |
| Fecha de publicación, distribución, etc. |
2025. |
| 300 ## - DESCRIPCIÓN FÍSICA |
| Extensión |
295 pages : |
| Otras características físicas |
illustrations ; |
| Dimensiones |
20 cm. |
| 520 ## - SUMARIO, ETC. |
| Sumario, etc. |
From the Sunday Times bestselling author of A STUDY IN DROWNING comes a reimagining of Lady Macbeth, Shakespeare’s most famous villainess, giving her a voice, a past, and a power that transforms the story men have written for her.<br/><br/>The Lady knows the stories: that her eyes induce madness in men.<br/><br/>The Lady knows she will be wed to the Scottish brute, who does not leave his warrior ways behind when he comes to the marriage bed.<br/><br/>The Lady knows his hostile, suspicious court will be a game of survival, requiring all of her wiles and hidden witchcraft to survive.<br/><br/>But the Lady does not know her husband has occult secrets of his own. She does not know that prophecy girds him like armour. She does not know that her magic is greater, and more dangerous, and that it will threaten the order of the world.<br/><br/>She does not know this yet. But she will. |
| 600 #0 - PUNTO DE ACCESO ADICIONAL DE MATERIA--NOMBRE DE PERSONA |
| Nombre de persona |
Gruoch, Queen, consort of Macbeth, King of Scotland |
| Subdivisión de forma |
Fiction |
| 9 (RLIN) |
26560 |
| 650 #0 - PUNTO DE ACCESO ADICIONAL DE MATERIA--TÉRMINO DE MATERIA |
| Término de materia o nombre geográfico como elemento de entrada |
Witches |
| Subdivisión de forma |
Fiction |
| 9 (RLIN) |
24028 |
| 650 #0 - PUNTO DE ACCESO ADICIONAL DE MATERIA--TÉRMINO DE MATERIA |
| Término de materia o nombre geográfico como elemento de entrada |
Prophecies |
| Subdivisión de forma |
Fiction |
| 9 (RLIN) |
26563 |
| 651 #0 - PUNTO DE ACCESO ADICIONAL DE MATERIA--NOMBRE GEOGRÁFICO |
| Nombre geográfico |
Scotland |
| Subdivisión general |
History |
| Subdivisión cronológica |
To 1057 |
| Subdivisión de forma |
Fiction |
| 9 (RLIN) |
26561 |
| 651 #0 - PUNTO DE ACCESO ADICIONAL DE MATERIA--NOMBRE GEOGRÁFICO |
| Nombre geográfico |
Scotland |
| Subdivisión general |
Kings and rulers |
| Subdivisión de forma |
Fiction |
| 9 (RLIN) |
26562 |
| 655 #0 - TÉRMINO DE INDIZACIÓN--GÉNERO/FORMA |
| Datos o término principal de género/forma |
Historical fiction |
| 9 (RLIN) |
22722 |
| 655 #0 - TÉRMINO DE INDIZACIÓN--GÉNERO/FORMA |
| Datos o término principal de género/forma |
Gothic fiction |
| 9 (RLIN) |
23121 |
| 942 ## - ELEMENTOS DE ENTRADA AGREGADA (KOHA) |
| Fuente del sistema de clasificación o colocación |
Clasificación de Library of Congress |